El caso de la perezosa dormilona / (Registro nro. 30490)
[ vista simple ]
| 000 -LÍDER | |
|---|---|
| campo de control de longitud fija | 01188nam a22002897a 4500 |
| 005 - FECHA Y HORA DE LA ÚLTIMA | |
| campo de control | 20231220200255.0 |
| 008 - ELEMENTOS DE DATOS DE LONGITUD FIJA - INFORMACIÓN GENERAL | |
| campo de control de longitud fija | 231220b |||||||| |||| 00| 0 eng d |
| 020 ## - NÚMERO INTERNACIONAL NORMALIZADO DEL LIBRO | |
| Número de libro estándar internacional | 9580475393 |
| 037 ## - FUENTE DE ADQUISICIÓN | |
| Materials specified | Donación |
| 040 ## - FUENTE DE CATALOGACIÓN | |
| Agencia de catalogación original | CO-JMCR |
| Agencia de transcripción | CO-JMCR |
| Agencia modificadora | CO-JMCR |
| Convenciones de descripción | rda |
| 041 ## - CÓDIGO DE IDIOMA | |
| Código de idioma del texto/pista de sonido o título independiente | spa |
| 082 ## - NÚMERO DE CLASIFICACIÓN DECIMAL DEWEY | |
| Número de clasificación | C |
| Número de artículo | RYLc |
| 100 ## - ENTRADA PRINCIPAL - NOMBRE PERSONAL | |
| Nombre personal | Rylant, Cynthia |
| Término relativo | autor |
| 9 (RLIN) | 43128 |
| 245 ## - DECLARACIÓN DEL TÍTULO | |
| Título | El caso de la perezosa dormilona / |
| Declaración de responsabilidad, etc. | Cynthia Rylant; ilustraciones G Brian Karas; traducción de Cristina Puerta |
| 246 ## - FORMA VARIABLE DEL TÍTULO | |
| Título propiamente dicho/título corto | The case of the sleepy sloth |
| 260 ## - PUBLICACIÓN, DISTRIBUCIÓN, ETC. | |
| Lugar de publicación, distribución, etc. | Bogotá: |
| Nombre del editor, distribuidor, etc. | Editorial norma, |
| Fecha de publicación, distribución, etc. | 2003 |
| 300 ## - DESCRIPCIÓN FÍSICA | |
| Medida | 48 páginas; |
| Otros detalles fisicos | Ilustraciones a color, |
| Dimensiones | 20 cm |
| 490 ## - DECLARACIÓN DE LA SERIE | |
| Declaración de serie | Torre de papel |
| 520 ## - RESUMEN, ETC. | |
| Resumen, etc | Dos hábiles investigadores privados, Jack y Boni, se enfrentan a su primer caso. A partir de la observación y del sentido común, verán cómo lo que parece difícil de descubrir, está al alcance de la mano |
| 521 ## - NOTA PARA EL PÚBLICO OBJETIVO | |
| Nota de público objetivo | Infantil |
| 650 ## - ENTRADA AÑADIDA DE ASUNTO - TÉRMINO TEMÁTICO | |
| Fuente del encabezado o término | JMCR |
| -- | Cuentos infantiles |
| Subdivisión geográfica | Estados unidos |
| 9 (RLIN) | 43129 |
| 650 ## - ENTRADA AÑADIDA DE ASUNTO - TÉRMINO TEMÁTICO | |
| Fuente del encabezado o término | JMCR |
| -- | Cuentos infantiles |
| 650 ## - ENTRADA AÑADIDA DE ASUNTO - TÉRMINO TEMÁTICO | |
| Fuente del encabezado o término | JMCR |
| -- | Detectives |
| Subdivisión de formulario | Cuentos |
| 9 (RLIN) | 43130 |
| 700 ## - ENTRADA AGREGADA - NOMBRE PERSONAL | |
| Nombre personal | Karas, Brian G. |
| Término relativo | Ilustrador |
| 9 (RLIN) | 43131 |
| 700 ## - ENTRADA AGREGADA - NOMBRE PERSONAL | |
| Nombre personal | Puerta, Cristina |
| Término relativo | Traductor |
| 9 (RLIN) | 131 |
| 942 ## - ELEMENTOS DE ENTRADA AÑADIDOS (KOHA) | |
| Source of classification or shelving scheme | Dewey Decimal Classification |
| Tipo de artículo Koha | Books |
| 999 ## - | |
| -- | 30490 |
| -- | 16874 |
| Estado retirado |
|---|